Enquiridion. Elogio de la locura. Coloquios (selección) /

Guardado en:
Autor Principal: de Rotterdam, Erasmo.
Otros Autores: Bayod, Jordi; pról., Parellada, Joaquim; pról.
Formato: Libro
Idioma:Undetermined
Publicado: Madrid : Gredos, 2014.
Series:Grandes pensadores
Materias:
Etiquetas: Agregar Etiqueta
Sin Etiquetas, Sea el primero en etiquetar este registro!
LEADER 01686nam a22002295a 4500
001 CEM.cems020668
008 231122s2014####sp############000#0#und#d
005 20231122155816.0
245 1 0 |a Enquiridion. Elogio de la locura. Coloquios (selección) /  |c Erasmo de Rotterdam ; estudio introductorio de Jordi Bayod y Joaquim Parellada. 
260 |a Madrid :  |b Gredos,  |c 2014. 
300 |a 432 p. 
490 1 |a Grandes pensadores 
505 0 |a Estudio introductorio (Erasmo de Rotterdam, humanista y teólogo -- Vida -- El pensamiento de Erasmo y su recepción -- Sobre la religión exterior y la religión interior -- La "devotio moderna" -- La propuesta espiritual del "Enquiridion" -- La gestión del "Elogio de la locura" -- Cristianismo y cultura clásica -- Erasmo y Lutero -- Erasmo en España -- Los herederos de Erasmo en el siglo XVI) -- Enquiridion. Manual del caballero cristiano -- Elogio de la locura -- Coloquios (La formación religiosa de los niños -- Los votos imprudentes -- El banquete religioso -- El galán y la dama -- El soldado y el cartujo -- El joven y la prostituta -- Caronte o contra la guerra -- El coloquio de los ancianos -- El abad y la mujer ilustrada -- Los funerales -- La realidad y el nombre -- El arte de aprender -- El caballero sin caballo o la falsa nobleza -- El pequeño senado o la asamblea de las mujeres -- El epicúreo) 
020 |a 9788447377893 
100 1 |a de Rotterdam, Erasmo. 
700 1 |a Bayod, Jordi; pról. 
700 1 |a Parellada, Joaquim; pról. 
653 |a Filosofía 
653 |a Filosofía neerlandesa 
653 |a Humanismo 
653 |a Filosofía cristiana 
859 |a CEMS  |b BIB. CEMS - 11 de abril  |h 199.49  |i D447  |p 29756.23  |t Ej. 1